000
00302nam a22001217a 4500
008
181001b xxu||||| |||| 00| 0 eng d
041
_a
eng
080
_2
2nd
_a
530
100
_a
43
101
_a
FIZ
245
_a
Conceptual physics a new introduction to your environment
_c
Hewitt,P.G
942
_2
udc
_c
BK
999
_c
48756
_d
48756